[Event "LTU-chT"]
[Site "Lithuania"]
[Date "2022.03.13"]
[Round "4.2"]
[White "Pultinevicius, Paulius"]
[Black "Mustaps, Matiss"]
[Result "1-0"]
[WhiteElo "2546"]
[BlackElo "2354"]
[PlyCount "133"]
[EventDate "2022.03.11"]
[EventType "team-swiss"]
[EventRounds "7"]
[EventCountry "LTU"]
[SourceTitle "CBM 207 Extra"]
[Source "ChessBase"]
[SourceDate "2022.05.31"]
[SourceVersion "1"]
[SourceVersionDate "2022.05.31"]
[SourceQuality "1"]
[WhiteTeam "Vilnius MRU"]
[BlackTeam "Vilnius Juoda Balta"]
[WhiteTeamCountry "LTU"]
[BlackTeamCountry "LTU"]

1. d4 Nf6 2. c4 g6 3. Nc3 Bg7 4. e4 0-0 5. Bg5 d6 6. h3 c5 7. d5 b5 8. cxb5 a6 9. a4 Qa5 10. Bd2 Qb4 11. Bd3 c4 12. Bc2 Qxb2 13. Nge2 Qb4 14. 0-0 Qa5 15. Rb1 axb5 16. axb5 Qd8 17. Be3 e6 18. Qd2 exd5 19. exd5 Bb7 20. Rb4 Qc8 21. Nd4 Ra3 22. Nc6 Qd7 23. Rxc4 Rxc3 24. Rxc3 Nxd5 25. Nxb8 Bxc3 26. Nxd7 Bxd2 27. Nxf8 Nxe3 28. fxe3 Bxe3+ 29. Kh1 Kxf8 30. Re1 Bf2 31. Re2 Bd4 32. Be4 Bc8 33. Bd5 Bd7 34. Rd2 Bc5 35. Rb2 Bb6 36. Ra2 Bc5 37. Bc6 Ke7 38. Ra8 d5 39. Bxd5 Bxb5 40. Ra5 Kd6 41. Bxf7 Bd3 42. h4 Be2 43. Bg8 h6 44. Ra2 Bg4 45. Ra6+ Ke5 46. Rxg6 h5 47. Rg5+ Kd6 48. Bf7 Be3 49. Ra5 Bf2 50. Bxh5 Bd7 51. Ra6+ Ke7 52. Rh6 Bxh4 53. Rh7+ Kd6 54. Bg4 Bxg4 55. Rxh4 Bf5 56. Rf4 Ke5 57. Rf2 Bg4 58. Kh2 Bf5 59. Kg3 Kf6 60. Rxf5+ Kxf5 61. Kh4 Kf6 62. Kh5 Kf7 63. Kh6 Kf8 64. g4 Kg8 65. g5 Kh8 66. g6 Kg8 67. g7 1-0

[Event "Online Olym Div Top-C"]
[Site "Chess.com INT"]
[Date "2021.09.11"]
[Round "9.1"]
[White "Grischuk, Alexander"]
[Black "Mustaps, Matiss"]
[Result "1-0"]
[WhiteElo "2775"]
[BlackElo "2356"]
[PlyCount "61"]
[EventDate "2021.09.09"]
[EventType "team (rapid)"]
[EventRounds "9"]
[EventCountry "USA"]
[SourceTitle "CBM 204 Extra"]
[Source "ChessBase"]
[SourceDate "2021.11.30"]
[SourceVersion "1"]
[SourceVersionDate "2021.11.30"]
[SourceQuality "1"]
[WhiteTeam "Russia"]
[BlackTeam "Latvia"]
[WhiteTeamCountry "RUS"]
[BlackTeamCountry "LAT"]

1. e4 c5 2. Nf3 d6 3. Bb5+ Bd7 4. c4 g6 5. Nc3 Bg7 6. d4 cxd4 7. Nxd4 Nc6 8. Be3 Nf6 9. h3 0-0 10. 0-0 Nxd4 11. Bxd4 Bxb5 12. cxb5 a6 13. Qe2 axb5 14. Nxb5 Nd7 15. Bxg7 Kxg7 16. Rfc1 Rc8 17. b4 Qb6 18. a4 Kg8 19. a5 Qa6 20. Nd4 Ne5 21. Rxc8 Rxc8 22. Qxa6 bxa6 23. b5 axb5 24. Nxb5 Nd7 25. a6 Nb6 26. a7 Kg7 27. f3 g5 28. Nd4 Kf6 29. Rb1 Nd7 30. Rb7 Ke5 31. Nc6+ 1-0

[Event "Online Olym Div Top-C"]
[Site "Chess.com INT"]
[Date "2021.09.11"]
[Round "7.1"]
[White "Perez Candelario, Manuel"]
[Black "Mustaps, Matiss"]
[Result "1/2-1/2"]
[WhiteElo "2586"]
[BlackElo "2356"]
[PlyCount "117"]
[EventDate "2021.09.09"]
[EventType "team (rapid)"]
[EventRounds "9"]
[EventCountry "USA"]
[SourceTitle "CBM 204 Extra"]
[Source "ChessBase"]
[SourceDate "2021.11.30"]
[SourceVersion "1"]
[SourceVersionDate "2021.11.30"]
[SourceQuality "1"]
[WhiteTeam "Spain"]
[BlackTeam "Latvia"]
[WhiteTeamCountry "ESP"]
[BlackTeamCountry "LAT"]

1. e4 c5 2. Nf3 g6 3. d4 cxd4 4. Qxd4 Nf6 5. Nc3 Nc6 6. Qa4 d6 7. e5 Ng4 8. exd6 Bg7 9. h3 Nge5 10. Nxe5 Bxe5 11. dxe7 Qxe7 12. Be3 Be6 13. Bc4 0-0 14. Bxe6 Bxc3+ 15. bxc3 Qxe6 16. 0-0 Rac8 17. c4 Ne5 18. c5 Qd7 19. Qf4 Rfe8 20. Rab1 Nc6 21. Rfd1 Qe7 22. Rd6 Nd8 23. Qa4 Nc6 24. Rbd1 Qe4 25. Qb3 Na5 26. Qd3 Nc4 27. Qxe4 Rxe4 28. Rd8+ Re8 29. Rxe8+ Rxe8 30. Bd4 Ne5 31. Kf1 Nc6 32. Bf6 Re6 33. Bc3 Kf8 34. Rd7 Re7 35. Rd6 Ke8 36. a3 Rd7 37. Rd3 Rxd3 38. cxd3 Kd7 39. Ke2 Ke6 40. d4 Kd5 41. Kd3 f5 42. g4 fxg4 43. hxg4 h5 44. gxh5 gxh5 45. Ke3 h4 46. Kf4 Nxd4 47. Kg4 Kxc5 48. Kxh4 Ne2 49. Bb2 Kc4 50. Kg4 b5 51. f4 Nxf4 52. Kxf4 Kb3 53. Bc1 a5 54. Ke4 b4 55. axb4 axb4 56. Kd3 Ka2 57. Kc4 b3 58. Kc3 b2 59. Bxb2 1/2-1/2

[Event "Online Olym Div Top-C"]
[Site "Chess.com INT"]
[Date "2021.09.10"]
[Round "6.1"]
[White "Mustaps, Matiss"]
[Black "Navara, David"]
[Result "1/2-1/2"]
[WhiteElo "2356"]
[BlackElo "2676"]
[PlyCount "135"]
[EventDate "2021.09.09"]
[EventType "team (rapid)"]
[EventRounds "9"]
[EventCountry "USA"]
[SourceTitle "CBM 204 Extra"]
[Source "ChessBase"]
[SourceDate "2021.11.30"]
[SourceVersion "1"]
[SourceVersionDate "2021.11.30"]
[SourceQuality "1"]
[WhiteTeam "Latvia"]
[BlackTeam "Czech Republic"]
[WhiteTeamCountry "LAT"]
[BlackTeamCountry "CZE"]

1. e4 c6 2. d4 d5 3. Nc3 dxe4 4. Nxe4 Nf6 5. Ng5 c5 6. Bb5+ Nc6 7. Bxc6+ bxc6 8. Ne2 Ba6 9. Nf3 e6 10. 0-0 cxd4 11. Re1 Bb4 12. Bd2 Bc5 13. b4 Bb6 14. a4 Ne4 15. a5 d3 16. axb6 dxe2 17. Qc1 axb6 18. c4 Nxd2 19. Nxd2 0-0 20. Rxe2 Qd6 21. Qc3 Rfd8 22. h3 c5 23. bxc5 bxc5 24. Ne4 Qd4 25. Qxd4 cxd4 26. Rea2 Bb7 27. Nc5 Bc6 28. Ra6 e5 29. f3 f6 30. Kf2 Kf7 31. Ra7+ Ke8 32. Ne6 Rxa7 33. Rxa7 Rd7 34. Nxg7+ Kf7 35. Rxd7+ Bxd7 36. Nh5 f5 37. Ng3 Ke6 38. Ne2 Kd6 39. f4 d3 40. fxe5+ Kxe5 41. Ng1 Kd4 42. Nf3+ Kxc4 43. Ke3 Kc3 44. g3 Bc6 45. Nd2 Bg2 46. h4 Kc2 47. Nc4 Be4 48. Nd2 Bd5 49. Nf1 Bb7 50. Nd2 h5 51. Nc4 Be4 52. Nd2 Kd1 53. Nc4 Ke1 54. Nd2 Bg2 55. Kxd3 Kf2 56. Kd4 Kxg3 57. Ke5 f4 58. Kf5 f3 59. Kg5 f2 60. Kxh5 Kf4 61. Kg6 Ke3 62. Nc4+ Ke2 63. h5 f1Q 64. Ne5 Be4+ 65. Kg7 Qf5 66. Ng6 Qxh5 67. Nf4+ Kf3 68. Nxh5 1/2-1/2

[Event "Online Olym Div Top-C"]
[Site "Chess.com INT"]
[Date "2021.09.10"]
[Round "4.1"]
[White "Mustaps, Matiss"]
[Black "Svane, Rasmus"]
[Result "1/2-1/2"]
[WhiteElo "2356"]
[BlackElo "2623"]
[PlyCount "162"]
[EventDate "2021.09.09"]
[EventType "team (rapid)"]
[EventRounds "9"]
[EventCountry "USA"]
[SourceTitle "CBM 204 Extra"]
[Source "ChessBase"]
[SourceDate "2021.11.30"]
[SourceVersion "1"]
[SourceVersionDate "2021.11.30"]
[SourceQuality "1"]
[WhiteTeam "Latvia"]
[BlackTeam "Germany"]
[WhiteTeamCountry "LAT"]
[BlackTeamCountry "GER"]

1. e4 c6 2. d4 d5 3. Nc3 dxe4 4. Nxe4 Nf6 5. Nxf6+ exf6 6. c3 Bd6 7. Bd3 0-0 8. Qc2 Re8+ 9. Ne2 h5 10. 0-0 h4 11. h3 Nd7 12. Bf4 Nf8 13. Bxd6 Qxd6 14. Rfe1 Be6 15. Qd2 Ng6 16. Bxg6 fxg6 17. Qf4 Qxf4 18. Nxf4 Bf5 19. Re3 g5 20. Ne2 g4 21. hxg4 Bxg4 22. Re1 Rxe3 23. fxe3 Re8 24. Kf2 g5 25. c4 Kf7 26. Nc3 Be6 27. d5 cxd5 28. cxd5 Bd7 29. e4 b5 30. a3 a5 31. Re3 g4 32. Ne2 Rh8 33. Nf4 Rc8 34. Re2 Re8 35. Nd3 Ke7 36. Ke3 h3 37. gxh3 gxh3 38. Kd4 Rh8 39. Rh2 Rh4 40. Ke3 Kd6 41. b4 a4 42. Nf4 Rh8 43. Kd4 Rh6 44. Ke3 Bg4 45. Kd4 Bc8 46. Ke3 Bd7 47. Kd4 Bg4 48. Ke3 f5 49. Rc2 Kd7 50. e5 h2 51. e6+ Ke7 52. Ng6+ Rxg6 53. Rxh2 Kd6 54. Kd4 Rg7 55. Rc2 Rc7 56. Rxc7 Kxc7 57. Ke5 Kd8 58. d6 f4 59. e7+ Kd7 60. Kxf4 Be6 61. Ke5 Bf7 62. Kf6 Be8 63. Ke5 Kc6 64. Ke6 Bd7+ 65. Ke5 Kb7 66. Kd5 Kb6 67. Kd4 Be8 68. Ke5 Kc6 69. Ke6 Bh5 70. Ke5 Kd7 71. Kd5 Bf7+ 72. Kc5 Bc4 73. Kd4 Be2 74. Kc5 Bd3 75. Kb6 Be2 76. Kc5 Bd3 77. Kb6 Bc4 78. Kc5 Be2 79. Kb6 Bc4 80. Kc5 Be2 81. Kb6 Bc4 1/2-1/2

[Event "Online Olym Div2 B"]
[Site "Chess.com INT"]
[Date "2021.09.03"]
[Round "4.5"]
[White "Macovei, Andrei"]
[Black "Mustaps, Matiss"]
[Result "1/2-1/2"]
[WhiteElo "2453"]
[BlackElo "2356"]
[PlyCount "160"]
[EventDate "2021.09.02"]
[EventType "team (rapid)"]
[EventRounds "9"]
[EventCountry "USA"]
[SourceTitle "CBM 204 Extra"]
[Source "ChessBase"]
[SourceDate "2021.11.30"]
[SourceVersion "1"]
[SourceVersionDate "2021.11.30"]
[SourceQuality "1"]
[WhiteTeam "Moldova"]
[BlackTeam "Latvia"]
[WhiteTeamCountry "MDA"]
[BlackTeamCountry "LAT"]

1. e4 c5 2. Nf3 g6 3. c3 Nf6 4. e5 Nd5 5. d4 cxd4 6. Qxd4 e6 7. c4 Nc6 8. Qe4 f5 9. Qe2 Bb4+ 10. Bd2 Nf4 11. Qe3 g5 12. h4 g4 13. Qxf4 gxf3 14. Qxf3 Bxd2+ 15. Nxd2 Nxe5 16. Qh5+ Nf7 17. g3 Qf6 18. 0-0-0 d6 19. Qf3 0-0 20. Bg2 Bd7 21. Qa3 Bc6 22. Rhg1 Kh8 23. Kb1 a5 24. Nb3 a4 25. Nd2 Rfb8 26. f4 Bxg2 27. Rxg2 b5 28. cxb5 Rxb5 29. Nf3 Rab8 30. Ng5 d5 31. Re2 Nd6 32. Rc1 Nc4 33. Qc3 Rxb2+ 34. Rxb2 Rxb2+ 35. Ka1 Qxc3 36. Rxc3 Re2 37. Kb1 a3 38. Rd3 Rb2+ 39. Ka1 Re2 40. Kb1 Kg7 41. Rc3 Kg6 42. Rd3 h6 43. Nf3 Kh5 44. Nd4 Re1+ 45. Kc2 Kg4 46. Kb3 Rb1+ 47. Kc3 Rb2 48. Nxe6 Rxa2 49. Rxd5 Ne3 50. Ra5 Rc2+ 51. Kd3 Nc4 52. Kxc2 Nxa5 53. Nd4 Nc4 54. Kb3 Nd2+ 55. Kxa3 Ne4 56. Kb4 Nxg3 57. Kc3 Kxh4 58. Kd2 Kg4 59. Ke3 h5 60. Nf3 h4 61. Ne5+ Kh5 62. Kf3 Ne4 63. Nc6 h3 64. Nd4 Kg6 65. Ne2 Kf6 66. Ng3 Ke6 67. Nh5 Nf6 68. Nxf6 Kxf6 69. Kg3 Ke6 70. Kxh3 Kd5 71. Kg3 Kd4 72. Kg2 Ke4 73. Kg3 Ke3 74. Kg2 Kxf4 75. Kf2 Kg4 76. Kg2 f4 77. Kf2 f3 78. Kf1 Kg3 79. Kg1 f2+ 80. Kf1 Kf3 1/2-1/2

[Event "Online Olym Div2 B"]
[Site "Chess.com INT"]
[Date "2021.09.03"]
[Round "6.4"]
[White "Rakhmatullaev, Almas"]
[Black "Mustaps, Matiss"]
[Result "1-0"]
[WhiteElo "2183"]
[BlackElo "2356"]
[PlyCount "83"]
[EventDate "2021.09.02"]
[EventType "team (rapid)"]
[EventRounds "9"]
[EventCountry "USA"]
[SourceTitle "CBM 204 Extra"]
[Source "ChessBase"]
[SourceDate "2021.11.30"]
[SourceVersion "1"]
[SourceVersionDate "2021.11.30"]
[SourceQuality "1"]
[WhiteTeam "Uzbekistan"]
[BlackTeam "Latvia"]
[WhiteTeamCountry "UZB"]
[BlackTeamCountry "LAT"]

1. d4 Nf6 2. Nf3 g6 3. c4 Bg7 4. Nc3 0-0 5. e4 d6 6. Be2 Na6 7. 0-0 e5 8. Bg5 h6 9. Bh4 g5 10. Bg3 Nh5 11. dxe5 Nxg3 12. hxg3 dxe5 13. Qc2 c6 14. Rad1 Qe7 15. Nh2 Nc5 16. Bg4 Ne6 17. Ne2 a5 18. Bf5 a4 19. Rd2 Qc5 20. Rfd1 Nd4 21. Nxd4 exd4 22. Nf3 Bxf5 23. exf5 Rfd8 24. Qd3 b5 25. Rc2 b4 26. Re2 Bf6 27. Rde1 Kg7 28. g4 Qd6 29. Nd2 Qf4 30. Re4 Qd6 31. Nf1 b3 32. a3 Kf8 33. Re6 fxe6 34. Rxe6 Kg7 35. Ng3 Ra5 36. Nh5+ Kf7 37. Rxf6+ Qxf6 38. Nxf6 Kxf6 39. Qe4 Raa8 40. Qe6+ Kg7 41. Qe7+ Kg8 42. f6 1-0

[Event "LAT-ch"]
[Site "Riga"]
[Date "2020.08.27"]
[Round "5"]
[White "Golubovskis, Maksims"]
[Black "Mustaps, Matiss"]
[Result "0-1"]
[WhiteElo "2234"]
[BlackElo "2363"]
[PlyCount "128"]
[EventDate "2020.08.24"]
[EventType "swiss"]
[EventRounds "9"]
[EventCountry "LAT"]
[SourceTitle "CBM 198 Extra"]
[Source "ChessBase"]
[SourceDate "2020.11.30"]
[SourceVersion "1"]
[SourceVersionDate "2020.11.30"]
[SourceQuality "1"]

1. e4 d6 2. d4 Nf6 3. Nc3 g6 4. Be3 c6 5. Qd2 b5 6. f3 Nbd7 7. Nge2 Nb6 8. Nf4 Qc7 9. Bd3 Bg7 10. a4 Nc4 11. Bxc4 bxc4 12. d5 Bb7 13. Qd4 cxd5 14. Nfxd5 Bxd5 15. Nxd5 Qb7 16. Bg5 0-0 17. Bxf6 exf6 18. 0-0 f5 19. Qxc4 fxe4 20. Qxe4 Qxb2 21. Rab1 Qd4+ 22. Qxd4 Bxd4+ 23. Kh1 Kg7 24. Rfd1 Bc5 25. g3 Rab8 26. Kg2 Rfc8 27. Rb3 Re8 28. Kf1 Rbc8 29. Rbd3 h5 30. Rb1 h4 31. g4 h3 32. Nf4 Be3 33. Nxh3 Rxc2 34. Re1 Rh8 35. Re2 Rc1+ 36. Kg2 Bc5 37. Rdd2 a5 38. Rc2 Ra1 39. Ra2 Rb1 40. Rab2 Rd1 41. Nf2 Rd4 42. Re4 Rb4 43. Nd3 Rxb2+ 44. Nxb2 d5 45. Re2 Rb8 46. Nd3 Bd6 47. Rd2 d4 48. f4 Rb1 49. Kf3 Ra1 50. Ke4 Rxa4 51. Kd5 Bf8 52. h3 Ra1 53. Kxd4 a4 54. Nc5 a3 55. Nb3 Rh1 56. Ra2 Rxh3 57. Nc5 Bxc5+ 58. Kxc5 Rf3 59. f5 g5 60. Kd5 Kf6 61. Rh2 Rf4 62. Rg2 Ra4 63. Ra2 Rxg4 64. Rxa3 Kxf5 0-1

[Event "Titled Tuesday intern op 5th May"]
[Site "Chess.com INT"]
[Date "2020.05.05"]
[Round "9"]
[White "Mustaps, Matiss"]
[Black "Delgado Ramirez, Neuris"]
[Result "0-1"]
[WhiteElo "2370"]
[BlackElo "2572"]
[PlyCount "92"]
[EventDate "2020.05.05"]
[EventType "swiss (blitz)"]
[EventRounds "10"]
[EventCountry "USA"]
[SourceTitle "EXT 2021"]
[Source "ChessBase"]
[SourceDate "2020.10.23"]
[SourceVersion "1"]
[SourceVersionDate "2020.10.23"]
[SourceQuality "1"]

1. e4 c5 2. Nf3 d6 3. d4 cxd4 4. Nxd4 Nf6 5. Nc3 a6 6. Bc4 e6 7. Bb3 Nbd7 8. Bg5 Nc5 9. f4 Be7 10. Qf3 Qc7 11. 0-0 b5 12. e5 Bb7 13. Qe2 dxe5 14. fxe5 Nfe4 15. Bxe7 Qxe7 16. Nxe4 Bxe4 17. Rf4 Bg6 18. c3 Nxb3 19. axb3 0-0 20. b4 Qc7 21. g4 a5 22. bxa5 Rxa5 23. Rxa5 Qxa5 24. Qxb5 Qa7 25. h4 Rb8 26. Qe2 h6 27. h5 Bh7 28. Rf2 Rc8 29. Qf3 Qe7 30. Qf4 Rf8 31. Qg3 Be4 32. Kh2 Ba8 33. b4 Qg5 34. b5 Rc8 35. b6 Rxc3 36. Nf3 Qe3 37. Kg2 Qxb6 38. g5 hxg5 39. Kh2 Rxf3 40. Rxf3 Bxf3 41. Qxf3 Qd4 42. Qg3 Qf4 43. Qxf4 gxf4 44. Kg2 f6 45. exf6 gxf6 46. Kf3 e5 0-1

[Event "Titled Tuesday intern op 14th April"]
[Site "Chess.com INT"]
[Date "2020.04.14"]
[Round "2"]
[White "Matinian, Nikita"]
[Black "Mustaps, Matiss"]
[Result "1-0"]
[WhiteElo "2475"]
[BlackElo "2370"]
[PlyCount "111"]
[EventDate "2020.04.14"]
[EventType "swiss (blitz)"]
[EventRounds "10"]
[EventCountry "USA"]
[SourceTitle "EXT 2021"]
[Source "ChessBase"]
[SourceDate "2020.10.23"]
[SourceVersion "1"]
[SourceVersionDate "2020.10.23"]
[SourceQuality "1"]

1. e4 c5 2. Nf3 d6 3. d4 cxd4 4. Nxd4 Nf6 5. Nc3 g6 6. Be2 Bg7 7. Be3 0-0 8. g4 Nc6 9. Nxc6 bxc6 10. g5 Nd7 11. Qd2 Rb8 12. b3 Qa5 13. Bd4 Bxd4 14. Qxd4 Qxg5 15. h4 Qf6 16. Qe3 Ne5 17. 0-0-0 Ng4 18. Bxg4 Bxg4 19. Rdg1 h5 20. Rg3 Kh7 21. f3 Be6 22. Rg5 c5 23. Rhg1 Qd4 24. Qxd4 cxd4 25. Ne2 Rfc8 26. Nxd4 Bd7 27. f4 Rb4 28. Rd1 f6 29. Ra5 Bg4 30. Rd2 e5 31. Nb5 exf4 32. Nxd6 Rc7 33. Ne8 Rf7 34. Nd6 Rc7 35. c4 f3 36. e5 Rb8 37. exf6 Rf8 38. f7 Rcxf7 39. Nxf7 Rxf7 40. Rf2 Re7 41. Rd5 Kh6 42. c5 Rc7 43. b4 Re7 44. c6 Rc7 45. b5 Kg7 46. a4 Kf6 47. Kd2 Ke6 48. Rg5 Kf7 49. Kc3 Kf6 50. Kd4 Ke6 51. Re5+ Kd6 52. Rd5+ Ke6 53. Kc5 Ke7 54. a5 Ke8 55. b6 axb6+ 56. axb6 1-0

[Event "Titled Tuesday intern op 7th April"]
[Site "Chess.com INT"]
[Date "2020.04.07"]
[Round "1"]
[White "Mustaps, Matiss"]
[Black "Cagara, Paulina"]
[Result "1/2-1/2"]
[WhiteElo "2370"]
[BlackElo "2054"]
[PlyCount "45"]
[EventDate "2020.04.07"]
[EventType "swiss (blitz)"]
[EventRounds "10"]
[EventCountry "USA"]
[SourceTitle "EXT 2021"]
[Source "ChessBase"]
[SourceDate "2020.10.23"]
[SourceVersion "1"]
[SourceVersionDate "2020.10.23"]
[SourceQuality "1"]

1. e4 c6 2. d4 d5 3. Nc3 a6 4. Nf3 Bg4 5. h3 Bxf3 6. Qxf3 e6 7. Bd3 Nf6 8. 0-0 dxe4 9. Nxe4 Nbd7 10. c4 Nxe4 11. Bxe4 Nf6 12. Be3 Nxe4 13. Qxe4 Be7 14. Rfd1 0-0 15. b3 Bf6 16. Rac1 g6 17. a4 Re8 18. Qf3 Bg7 19. g3 Qa5 20. h4 h5 21. Kg2 Rad8 22. Qe4 Qb4 23. Qc2 1/2-1/2

[Event "Titled Tuesday intern op 7th April"]
[Site "Chess.com INT"]
[Date "2020.04.07"]
[Round "4"]
[White "Mustaps, Matiss"]
[Black "Moreby, James"]
[Result "1-0"]
[WhiteElo "2370"]
[BlackElo "2283"]
[PlyCount "117"]
[EventDate "2020.04.07"]
[EventType "swiss (blitz)"]
[EventRounds "10"]
[EventCountry "USA"]
[SourceTitle "EXT 2021"]
[Source "ChessBase"]
[SourceDate "2020.10.23"]
[SourceVersion "1"]
[SourceVersionDate "2020.10.23"]
[SourceQuality "1"]

1. e4 e6 2. d4 d5 3. Nc3 Nf6 4. Bg5 Bb4 5. exd5 exd5 6. Bd3 h6 7. Bh4 g5 8. Bg3 Be6 9. Nge2 c6 10. a3 Bd6 11. Qd2 Qc7 12. 0-0-0 Nbd7 13. Bxd6 Qxd6 14. f4 gxf4 15. Qxf4 Qe7 16. Ng3 0-0-0 17. Rhe1 Ng4 18. Qxg4 Bxg4 19. Rxe7 Bxd1 20. Nxd1 Rhf8 21. Bf5 Kc7 22. Nh5 Kd6 23. Re2 Nb6 24. Nf6 Nc8 25. Bxc8 Rxc8 26. Ne3 Ke6 27. Nexd5+ Kf5 28. g4+ Kg6 29. Ne7+ Kxf6 30. Nxc8 Rxc8 31. Kd2 Rd8 32. Kd3 Rd5 33. h4 c5 34. c3 b5 35. Ke4 Ke6 36. Kf4+ Kf6 37. Re5 Rxe5 38. dxe5+ Ke6 39. b4 c4 40. Ke4 a6 41. Kf4 f6 42. exf6 Kxf6 43. g5+ hxg5+ 44. hxg5+ Kg6 45. Kg4 Kg7 46. Kf5 Kf7 47. Ke5 Kg6 48. Kf4 Kg7 49. Kf5 Kf7 50. g6+ Kg7 51. Kg5 Kg8 52. Kf6 Kf8 53. g7+ Kg8 54. Kg6 a5 55. bxa5 b4 56. cxb4 c3 57. a6 c2 58. a7 c1B 59. a8Q# 1-0

[Event "Titled Tuesday intern op 7th April"]
[Site "Chess.com INT"]
[Date "2020.04.07"]
[Round "5"]
[White "Ranaldi, Lucas"]
[Black "Mustaps, Matiss"]
[Result "0-1"]
[WhiteElo "2353"]
[BlackElo "2370"]
[PlyCount "112"]
[EventDate "2020.04.07"]
[EventType "swiss (blitz)"]
[EventRounds "10"]
[EventCountry "USA"]
[SourceTitle "EXT 2021"]
[Source "ChessBase"]
[SourceDate "2020.10.23"]
[SourceVersion "1"]
[SourceVersionDate "2020.10.23"]
[SourceQuality "1"]

1. Nf3 Nf6 2. c4 g6 3. Nc3 Bg7 4. d4 0-0 5. Bg5 d6 6. e3 h6 7. Bh4 Nc6 8. Be2 e5 9. dxe5 dxe5 10. Qxd8 Rxd8 11. Nd5 Nxd5 12. Bxd8 Ndb4 13. 0-0-0 Bf5 14. Bxc7 Nxa2+ 15. Kd2 Rc8 16. Bd6 e4 17. Nh4 Be6 18. g4 Bxb2 19. Rb1 Bf6 20. Ng2 b6 21. Kc2 Nc3 22. Rbe1 Nxe2 23. Rxe2 Bxc4 24. Ree1 Bd3+ 25. Kd2 Na5 26. Rb1 Bc3+ 27. Kd1 Bxb1 28. Ba3 g5 29. h4 Bd3 30. hxg5 hxg5 31. Ne1 Bxe1 32. Kxe1 Nc4 33. Bb4 Nxe3 34. Kd2 Nxg4 35. Rg1 Rc2+ 36. Kd1 Nxf2+ 37. Ke1 Re2+ 38. Kf1 Rb2+ 39. Ke1 f6 40. Bc3 Rc2 41. Bd4 Nh3 42. Rg3 Nf4 43. Bxf6 Ne6 44. Bxg5 Nxg5 45. Rxg5+ Kf7 46. Rh5 b5 47. Rh7+ Ke6 48. Rxa7 Kd5 49. Rb7 Kc4 50. Kd1 b4 51. Rc7+ Kb3 52. Rb7 Kc3 53. Rc7+ Kb2 54. Rb7 b3 55. Ra7 e3 56. Re7 Rc1# 0-1

[Event "Titled Tuesday intern op1 3rd March  "]
[Site "Chess.com INT"]
[Date "2020.03.03"]
[Round "1"]
[White "Sargsyan, Shant"]
[Black "Mustaps, Matiss"]
[Result "1-0"]
[WhiteElo "2594"]
[BlackElo "2370"]
[PlyCount "71"]
[EventDate "2020.03.03"]
[EventType "swiss (blitz)"]
[EventRounds "10"]
[EventCountry "USA"]
[SourceTitle "EXT 2021"]
[Source "ChessBase"]
[SourceDate "2020.10.23"]
[SourceVersion "1"]
[SourceVersionDate "2020.10.23"]
[SourceQuality "1"]

1. d4 Nf6 2. Bg5 e6 3. Nf3 c5 4. e3 cxd4 5. exd4 h6 6. Bh4 Nc6 7. Nbd2 Be7 8. Bd3 0-0 9. Qe2 d6 10. 0-0 Bd7 11. c3 Rc8 12. Rfe1 Re8 13. Rac1 a6 14. Bb1 Bf8 15. Qd3 g6 16. Ne4 Be7 17. Bxf6 Bxf6 18. Nxd6 Bg7 19. Re3 Ne7 20. Nxe8 Bxe8 21. Ne5 Nf5 22. Ree1 Bb5 23. Qf3 b6 24. Bxf5 exf5 25. Nd3 Bc6 26. Qe2 Qd5 27. f3 Qxa2 28. Nb4 Qa4 29. Nxc6 Qxc6 30. Qxa6 Kh7 31. Qd3 b5 32. Re7 Qd5 33. Rce1 b4 34. Qa6 Rc6 35. Qb7 bxc3 36. bxc3 1-0

[Event "EU-ch blitz"]
[Site "Tallinn"]
[Date "2019.12.07"]
[Round "10"]
[White "Mustaps, Matiss"]
[Black "Esipenko, Andrey"]
[Result "0-1"]
[WhiteElo "2361"]
[BlackElo "2582"]
[PlyCount "94"]
[EventDate "2019.12.07"]
[EventType "swiss (blitz)"]
[EventRounds "22"]
[EventCountry "EST"]
[SourceTitle "CBM 193 Extra"]
[Source "ChessBase"]
[SourceDate "2020.01.31"]
[SourceVersion "1"]
[SourceVersionDate "2020.01.31"]
[SourceQuality "1"]

1. e4 e5 2. Nf3 Nc6 3. Bb5 a6 4. Ba4 Nf6 5. d3 b5 6. Bb3 Bc5 7. c3 d6 8. Nbd2 h6 9. h3 Bb6 10. Nf1 Ne7 11. Be3 Rb8 12. Bxb6 Rxb6 13. Ne3 Ng6 14. g3 c5 15. Nd5 Nxd5 16. Bxd5 Ne7 17. Bb3 0-0 18. d4 Qc7 19. Rc1 Kh8 20. dxe5 dxe5 21. Bc2 Be6 22. Qe2 a5 23. Kf1 Bxa2 24. Kg2 Be6 25. Qe3 a4 26. h4 Ng8 27. h5 Nf6 28. Nh4 Ra8 29. f4 a3 30. fxe5 Ng4 31. Qf4 axb2 32. Rcf1 Qxe5 33. Qxe5 Nxe5 34. Bb1 b4 35. cxb4 Rxb4 36. Nf5 c4 37. Nd4 Bd7 38. Ne2 Ra3 39. Rd1 Nd3 40. Nf4 Bc6 41. Nxd3 cxd3 42. Rhe1 Bxe4+ 43. Kf2 f5 44. Rd2 Rc3 45. Ke3 Rc1 46. Rdd1 d2 47. Rf1 Bxb1 0-1